LEADER 00802nam0-22003011i-450- 001 990003461940403321 005 20100916140739.0 035 $a000346194 035 $aFED01000346194 035 $a(Aleph)000346194FED01 035 $a000346194 100 $a20030910d1988----km-y0itay50------ba 101 0 $aita 102 $aIT 105 $ay-------001yy 200 1 $aNitti e lo storico$fG. B. De Sanctis 210 $aCosenza$cPellegrini$d1988 215 $a113 p.$d22 cm 610 0 $aNitti, Francesco Saverio 676 $a945.007202 700 1$aDe Sanctis,$bGiovanni Battista$0200404 801 0$aIT$bUNINA$gRICA$2UNIMARC 901 $aBK 912 $a990003461940403321 952 $aSE 094.04.14-$b1834$fDECSE 959 $aDECSE 996 $aNitti e lo storico$9445438 997 $aUNINA LEADER 01359nam0-22004091i-450 001 990007398180403321 005 20240226145028.0 010 $a88-8491-384-5 010 $a88-8491-385-3 035 $a000739818 035 $aFED01000739818 035 $a(Aleph)000739818FED01 035 $a000739818 100 $a20030312d2002----km-y0itay50------ba 101 0 $aita 102 $aIT 105 $aa---ab--001yy 200 1 $aGonzaga$ela celeste galeria$fa cura di Raffaella Morselli 210 $aMilano$cSkira$d2002 215 $a2 v. (682, 382 p.)$cill.$d28 cm 304 $aOpera pubblicata in relazione alla Mostra "Gonzaga. La celeste galeria. Il Museo dei duchi di Mantova", Mantova Palazzo Te - Palazzo Ducale, 2 settembre - 8 dicembre 2002 327 0 $a1.: Le raccolte$a2.: Lesercizio del collezionismo 610 0 $aArte$aMantova$aSec. 16.-17.$aEsposizioni 676 $a709.4528$v21$zita 702 1$aMorselli,$bRaffaella 801 0$aIT$bUNINA$gRICA$2UNIMARC 901 $aBK 912 $a990007398180403321 952 $a707.5 MORR 01 (1)$bBibl. 44742$fFLFBC 952 $a707.5 MORR 01 (2)$bBibl. 44743$fFLFBC 952 $a707.5 MORR 01 (2) bis$bBibl. 59349$fFLFBC 952 $a15.273$b4988$fDARST 952 $a15.274$b4987$fDARST 959 $aFLFBC 959 $aDARST 996 $aGonzaga$9691684 997 $aUNINA LEADER 01313nas 2200505- 450 001 9910147138103321 005 20191207055848.4 011 $a1347-3735 035 $a(OCoLC)882616418 035 $a(CKB)111054751708014 035 $a(CONSER)--2014243465 035 $a(DE-599)ZDB2135547-2 035 $a(NjHacI)99111054751708014 035 $a(EXLCZ)99111054751708014 100 $a19950127a19999999 --- - 101 0 $aeng 135 $aur||||||||||| 181 $ctxt$2rdacontent 182 $cc$2rdamedia 183 $acr$2rdacarrier 200 00$aBreeding science 210 1$a[Tokyo] :$cJapanese Society of Breeding,$d1999- 215 $a1 online resource 300 $aRefereed/Peer-reviewed 311 08$a1344-7610 531 $aBREEDING SCI 531 $aBREED SCI 531 $aBREED. SCI 531 10$aBreed Sci 606 $aBreeding$vPeriodicals 606 $aBreeding$2fast$3(OCoLC)fst00838434 606 $aBreeding 608 $aPeriodical. 608 $aPeriodicals.$2fast 615 0$aBreeding 615 7$aBreeding. 615 12$aBreeding. 676 $a575.15 712 02$aNihon Ikushu Gakkai, 801 0$bNjHacI 801 1$bNjHacl 906 $aJOURNAL 912 $a9910147138103321 996 $aBreeding science$92238006 997 $aUNINA